| 000 | 00570nam a2200193 a 4500 | ||
|---|---|---|---|
| 001 | 2417 | ||
| 003 | CDMR | ||
| 005 | 20130321170940.0 | ||
| 008 | 130130s1993||||||||||||||||||||||||||||d | ||
| 020 | _a8481120014 | ||
| 040 |
_aCDMR _bcat _cCDMR |
||
| 100 | 1 |
_aCatala Domenech, Josep Maria _91810 |
|
| 245 | 1 | 3 |
_aLa violación de la mirada _b: la imagen entre el ojo y el espejo _cJosep M. Català Doménech |
| 260 |
_aMadrid _c1993 _bFUNDESCO |
||
| 300 |
_a355 p ; _c24 cm |
||
| 490 | 0 | _aLos libros de FUNDESCO | |
| 500 | _aPremi "Fundesco de ensayo" 1992 | ||
| 942 |
_cMON _2udc |
||
| 999 |
_c2417 _d2417 |
||